| 000 | 00896cam a2200193 4500 | ||
|---|---|---|---|
| 001 | WB3904-10 | ||
| 008 | 030130n2003 000 0 eng u | ||
| 035 | _a(Sirsi) u121188 | ||
| 245 | _aSignificant drop in empty property total | ||
| 260 | _c2003 | ||
| 490 |
_aPlanning (for the Natural and Built Environment) _v24 January 2003, 2(1) |
||
| 520 | _aThe ODPM's housing investment data for 2002 reveal an overall drop of around 3% in the number of empty homes in England over the year 2001-2002, reaching 5% in London. Northeast England shows a slight rise. Total empty homes homes in 2002 was 729 770 down on 2001 with 753 188. ODPM statistical tables (HSSA 2002 secton A) are available at http://www.housing.odpm.gov.uk/local/hipoi/index.htm | ||
| 590 | _aWB | ||
| 650 | _aHOUSING INVESTMENT PROGRAMME | ||
| 650 | _aEMPTY HOMES | ||
| 650 | _aENGLAND | ||
| 690 | _aHOUSING | ||
| 942 | _n0 | ||
| 999 |
_c72013 _d72013 |
||